| 000 | 00567cam a2200169 a 4500 | ||
|---|---|---|---|
| 020 | _a0896295036 (pbk.) | ||
| 040 | _cDLC | ||
| 082 | 0 | 0 | _a332 INT 1997 C150 Or. |
| 245 | 0 | 0 |
_aRural finance for food security of the poor : _bimplications for research and policy / |
| 260 |
_aWashington, D.C. : _bInternational Food Policy Research Institute, _cc1997. |
||
| 300 |
_aviii, 139 p. ; _bill. ; _c23 cm. |
||
| 650 | 0 | _aAgricultural credit | |
| 650 | 0 | _aFood supply | |
| 700 | 1 | _aZeller, Manfred. | |
| 710 | 2 | _aInternational Food Policy Research Institute. | |
| 942 | _cAEDBB | ||
| 999 |
_c18655 _d18655 |
||